The old maid /

Bibliographic Details
Main Author: Akins, Zoë, 1886-1958
Format: Book
Language:English
Published: New York, London : D. Appleton-Century company, incorporated, 1935.
Subjects:

MARC

Tag First Indicator Second Indicator Subfields
LEADER 00000cam a2200000 4500
001 in00000033781
005 20151007063314.0
008 741204s1935 nyu 00010 eng u
010 |a  35005390  
035 |a (OCoLC)01098040 
035 |9 AAD7066AM 
040 |c TLM  |d OCL  |d TXA  |d UtOrBLW 
049 |a TXAM  |c 1 [159052]  |c 2 [159053] 
050 0 |a PS3501  |b .K505 1935 
092 |a 812  |b A315o 
100 1 |a Akins, Zoë,  |d 1886-1958. 
245 1 4 |a The old maid /  |c dramatized by Zoe Akins from the novel by Edith Wharton. 
264 1 |a New York,  |a London :  |b D. Appleton-Century company, incorporated,  |c 1935. 
300 |a 2 pages ., 188 pages ;  |c 20 cm. 
336 |a text  |b txt  |2 rdacontent 
337 |a unmediated  |b n  |2 rdamedia 
338 |a volume  |b nc  |2 rdacarrier 
600 1 0 |a Wharton, Edith,  |d 1862-1937.  |t Old maid (The 'fifties) 
999 |a MARS 
999 f f |s 004e2acd-2cb8-36bb-b25c-5f1413c916b7  |i fc81dadf-2ada-38cf-a4ac-2a973c75cd69  |t 0 
952 f f |p ric  |a Texas A&M University  |b Rellis Campus  |c Joint Library Facility  |d Remote Storage  |t 0  |e PS3501 .K505 1935  |h Library of Congress classification  |i unmediated -- volume  |m A14801223179 
998 f f |a PS3501 .K505 1935  |t 0  |l Remote Storage